Rozsypanka literowa - miasta w województwie pomorskim - Statystyki

Ogólne statystyki
  • Ten quiz został rozwiązany 27 razy
  • Średni wynik to 16 z 20
Statystyki odpowiedzi
Miasto % Poprawnych
Gdańsk
100%
Hel
100%
Sopot
100%
Władysławowo
100%
Gdynia
96%
Lębork
92%
Reda
92%
Wejherowo
92%
Malbork
88%
Rumia
88%
Słupsk
88%
Bytów
81%
Gniew
77%
Ustka
73%
Chojnice
69%
Żukowo
69%
Kartuzy
65%
Kwidzyn
58%
Kościerzyna
54%
Pelplin
54%
Nie znaleziono quizów pasujących do podanych kryteriów
Rozkład punktacji
Procent ludzi z każdym wynikiem
Percentyl według liczby udzielonych odpowiedzi
Twoja historia wyników
Nie rozwiązałeś tego quizu